Wszystkie waluty świata - Statystyki

Ogólne statystyki
  • Ten quiz został rozwiązany 302 razy
    166 od ostatniego zresetowania
  • Średni wynik to 40 z 196
Statystyki odpowiedzi
Kraj Waluta % Poprawnych
Andora Euro
62%
Austria Euro
62%
Australia Dolar australijski
59%
Albania Lek
59%
Polska Złoty
56%
Belgia Euro
53%
Finlandia Euro
50%
Szwajcaria Frank szwajcarski
50%
Chorwacja Euro
47%
Cypr Euro
47%
Czarnogóra Euro
47%
Grecja Euro
47%
Hiszpania Euro
47%
Luksemburg Euro
47%
Łotwa Euro
47%
Niemcy Euro
47%
Włochy Euro
47%
Stany Zjednoczone Dolar amerykański
44%
Francja Euro
44%
Irlandia Euro
44%
Litwa Euro
44%
Monako Euro
44%
Japonia Jen
44%
Czechy Korona czeska
44%
Malta Euro
41%
Portugalia Euro
41%
San Marino Euro
41%
Słowacja Euro
41%
Dania Korona duńska
41%
Szwecja Korona szwedzka
41%
Rosja Rubel rosyjski
41%
Afganistan Afgani
38%
Kanada Dolar kanadyjski
38%
Wielka Brytania Funt szterling
38%
Holandia Euro
35%
Słowenia Euro
35%
Watykan Euro
35%
Ukraina Hrywna
35%
Bułgaria Lew
35%
Argentyna Peso argentyńskie
35%
Meksyk Peso meksykańskie
35%
Estonia Euro
32%
Norwegia Korona norweska
32%
Turcja Lira turecka
32%
Białoruś Rubel białoruski
32%
Algieria Dinar algierski
29%
Węgry Forint
29%
Islandia Korona islandzka
29%
Chile Peso chilijskie
29%
Indie Rupia indyjska
29%
Kosowo Euro
26%
Kolumbia Peso kolumbijskie
26%
Brazylia Real brazylijski
26%
Chiny Renminbi / Yuan
26%
Korea Południowa Won południowokoreański
26%
Tajlandia Bat
24%
Tunezja Dinar tunezyjski
24%
Jamajka Dolar jamajski
24%
Nowa Zelandia Dolar nowozelandzki
24%
Wietnam Dong
24%
Egipt Funt egipski
24%
Angola Kwanza
24%
Korea Północna Won północnokoreański
24%
Antigua i Barbuda Dolar wschodniokaraibski
21%
Rumunia Lej rumuński
21%
Filipiny Peso filipińskie
21%
Kuba Peso kubańskie
21%
Urugwaj Peso urugwajskie
21%
Arabia Saudyjska Rial saudyjski
21%
Wenezuela Boliwar
18%
Macedonia Północna Denar
18%
Serbia Dinar serbski
18%
Maroko Dirham marokański
18%
Mikronezja Dolar amerykański
18%
Bahamy Dolar bahamski
18%
Barbados Dolar barbadoski
18%
Fidżi Dolar fidżyjski / Dolar Fidżi
18%
Gujana Dolar gujański
18%
Benin Frank CFA
18%
Burkina Faso Frank CFA
18%
Czad Frank CFA
18%
Gabon Frank CFA
18%
Gwinea Bissau Frank CFA
18%
Gwinea Równikowa Frank CFA
18%
Mołdawia Lej mołdawski
18%
Honduras Lempira
18%
Bośnia i Hercegowina Marka zamienna
18%
Dominikana Peso dominikańskie
18%
Gwatemala Quetzal
18%
Oman Rial omański
18%
Indonezja Rupia indonezyjska
18%
Panama Balboa / Dolar amerykański
15%
Boliwia Boliviano
15%
Zjednoczone Emiraty Arabskie Dirham Zjednoczonych Emiratów Arabskich
15%
Ekwador Dolar amerykański
15%
Palau Dolar amerykański
15%
Nauru Dolar australijski
15%
Dominika Dolar wschodniokaraibski
15%
Grenada Dolar wschodniokaraibski
15%
Saint Kitts i Nevis Dolar wschodniokaraibski
15%
Saint Lucia Dolar wschodniokaraibski
15%
Saint Vincent i Grenadyny Dolar wschodniokaraibski
15%
Armenia Dram
15%
Kamerun Frank CFA
15%
Kongo Frank CFA
15%
Niger Frank CFA
15%
Republika Środkowoafrykańska Frank CFA
15%
Senegal Frank CFA
15%
Gwinea Frank gwinejski
15%
Liechtenstein Frank szwajcarski
15%
Haiti Gourde
15%
Sierra Leone Leone
15%
Bhutan Ngultrum / Rupia indyjska
15%
Botswana Pula
15%
Republika Południowej Afryki Rand
15%
Malediwy Rupia malediwska
15%
Nepal Rupia nepalska
15%
Peru Sol
15%
Bangladesz Taka
15%
Etiopia Birr
12%
Ghana Cedi
12%
Irak Dinar iracki
12%
Kuwejt Dinar kuwejcki
12%
Wyspy Świętego Tomasza i Książęca Dobra
12%
Timor Wschodni Dolar amerykański
12%
Salwador Dolar amerykański / Bitcoin
12%
Brunei Dolar brunejski
12%
Singapur Dolar singapurski
12%
Surinam Dolar surinamski
12%
Tajwan Dolar tajwański
12%
Mali Frank CFA
12%
Togo Frank CFA
12%
Demokratyczna Republika Konga Frank kongijski
12%
Sudan Południowy Funt południowosudański
12%
Sudan Funt sudański
12%
Paragwaj Guarani
12%
Gruzja Lari
12%
Azerbejdżan Manat azerbejdżański
12%
Katar Rial katarski
12%
Kambodża Riel kambodżański
12%
Malezja Ringgit
12%
Pakistan Rupia pakistańska
12%
Seszele Rupia seszelska
12%
Kirgistan Som
12%
Kenia Szyling kenijski
12%
Kazachstan Tenge
12%
Madagaskar Ariary
9%
Kostaryka Colon kostarykański
9%
Gambia Dalasi
9%
Wyspy Marshalla Dolar amerykański
9%
Belize Dolar belizeński
9%
Kiribati Dolar kiribati / Dolar australijski
9%
Liberia Dolar liberyjski
9%
Namibia Dolar namibijski
9%
Wybrzeże Kości Słoniowej Frank CFA
9%
Liban Funt libański
9%
Syria Funt syryjski
9%
Laos Kip
9%
Malawi Kwacha malawijska
9%
Zambia Kwacha zambijska
9%
Turkmenistan Manat turkmeński
9%
Erytrea Nakfa
9%
Iran Rial irański
9%
Jemen Rial jemeński
9%
Tadżykistan Somoni
9%
Uzbekistan Sum
9%
Nikaragua Cordoba oro
6%
Bahrajn Dinar bahrański
6%
Jordania Dinar jordański
6%
Libia Dinar libijski
6%
Zimbabwe Dolar amerykański
6%
Tuvalu Dolar australijski
6%
Trynidad i Tobago Dolar Trynidadu i Tobago
6%
Wyspy Salomona Dolar Wysp Salomona
6%
Burundi Frank burundyjski
6%
Dżibuti Frank dżibutyjski
6%
Komory Frank komoryjski
6%
Mjanma Kiat
6%
Papua-Nowa Gwinea Kina
6%
Eswatini Lilangeni
6%
Lesotho Loti
6%
Mozambik Metical
6%
Nigeria Naira
6%
Izrael Nowy izraelski szekel
6%
Tonga Pa'anga / Paanga
6%
Sri Lanka Rupia lankijska
6%
Mauritius Rupia maurytyjska
6%
Somalia Szyling somalijski
6%
Tanzania Szyling tanzański
6%
Uganda Szyling ugandyjski
6%
Mongolia Tugrik
6%
Mauretania Ugija
6%
Vanuatu Vatu
6%
Rwanda Frank rwandyjski
3%
Republika Zielonego Przylądka Escudo Republiki Zielonego Przylądka
0%
Samoa Tala
0%
Nie znaleziono quizów pasujących do podanych kryteriów
Rozkład punktacji
Procent ludzi z każdym wynikiem
Percentyl według liczby udzielonych odpowiedzi
Twoja historia wyników
Nie rozwiązałeś tego quizu od ostatniego zresetowania